THE WITCHES (Record no. 8148)
[ view plain ]
| 000 -LEADER | |
|---|---|
| fixed length control field | 00289nam a2200133Ia 4500 |
| 008 - FIXED-LENGTH DATA ELEMENTS--GENERAL INFORMATION | |
| fixed length control field | 260604s9999 xx 000 0 und d |
| 020 ## - INTERNATIONAL STANDARD BOOK NUMBER | |
| International Standard Book Number | 9780241677667 |
| 082 ## - DEWEY DECIMAL CLASSIFICATION NUMBER | |
| Classification number | 823.91 DAH |
| 100 ## - MAIN ENTRY--PERSONAL NAME | |
| Personal name | DAHL, ROALD |
| 9 (RLIN) | 35355 |
| 245 #0 - TITLE STATEMENT | |
| Title | THE WITCHES |
| 260 ## - PUBLICATION, DISTRIBUTION, ETC. | |
| Name of publisher, distributor, etc. | PEN |
| 500 ## - GENERAL NOTE | |
| General note | Witches |
| 942 ## - ADDED ENTRY ELEMENTS (KOHA) | |
| Koha item type | Book |
| Date last seen | Total Checkouts | Full call number | Barcode | Cost, replacement price | Price effective from | Koha item type | Lost status | Damaged status | Not for loan | Withdrawn status | Home library | Current library | Shelving location | Date acquired | Cost, normal purchase price | BOOK NO |
|---|---|---|---|---|---|---|---|---|---|---|---|---|---|---|---|---|
| 06/04/2026 | 823.91 DAH | 003766 | 399.00 | 06/04/2026 | Book | Indian Institute of Management Visakhapatnam | Indian Institute of Management Visakhapatnam | 06/04/2026 | 399.00 | DAH |